[Event "2. Bundesliga Mitte 2010/11"]
[Site "Gleisdorf"]
[Date "2010.10.17"]
[Round "2"]
[Board "6"]
[White "Hellmayr, Alois"]
[Black "Reiss, Georg"]
[Result "1/2-1/2"]
[WhiteElo "2235"]
[BlackElo "2159"]
[PlyCount "122"]
[EventDate "2010.10.16"]
[EventType "team"]
[EventRounds "11"]
[EventCountry "AUT"]
[WhiteTeam "Union Ansfelden"]
[BlackTeam "SV Raika Rapid Feffernitz"]

1.Nf3 g6 2.g3 Bg7 3.d4 c5 4.c3 d5 5.Bg2 cxd4 6.cxd4 Nf6 7.O-O O-O 8.Nc3 Nc6
9.Ne5 Bf5 10.Bf4 Qb6 11.Nxc6 bxc6 12.Na4 Qb4 13.Be5 Rac8 14.a3 Qb5 15.Rc1 Bh6
16.Rc5 Qb7 17.Bxf6 exf6 18.e3 Rfe8 19.b4 Bf8 20.Ra5 Bd6 21.Nc5 Qc7 22.Qd2 h5
23.Rc1 h4 24.Na6 Qe7 25.Nc5 Kg7 26.b5 cxb5 27.Rxb5 hxg3 28.hxg3 Be4 29.Rb7 Rc7
30.Rxc7 Bxc7 31.Qe2 Bd6 32.a4 Rh8 33.Nxe4 dxe4 34.Qc2 f5 35.Rb1 a5 36.Qc6 Qc7
37.Qxc7 Bxc7 38.Rc1 Bd6 39.Bf1 Rb8 40.Bb5 Rb7 41.Rc6 Bb4 42.Kg2 Re7 43.d5 Rd7
44.Rxg6+ fxg6 45.Bxd7 Kf7 46.g4 Kf6 47.Kg3 Bd6+ 48.Kg2 f4 49.exf4 Bxf4 50.Kf1
Ke5 51.Bc6 g5 52.Ke2 Kd4 53.Bb7 Bd6 54.Kd2 Bf4+ 55.Ke2 Bd6 56.Bc6 Bb4 57.Ba8 Ke5
58.Bb7 Kf4 59.Bc8 Ke5 60.Be6 Kd4 61.Bg8 Bd6 1/2-1/2

[Event "2. Bundesliga Mitte 2010/11"]
[Site "Gleisdorf"]
[Date "2010.10.17"]
[Round "2"]
[Board "1"]
[White "Danner, Georg"]
[Black "Horvath, Csaba"]
[Result "1/2-1/2"]
[WhiteElo "2422"]
[BlackElo "2529"]
[PlyCount "33"]
[EventDate "2010.10.16"]
[EventType "team"]
[EventRounds "11"]
[EventCountry "AUT"]
[WhiteTeam "UNION Styria Graz Kleine Zeitung"]
[BlackTeam "SC Die Klagenfurter"]

1.d4 d5 2.Nf3 Nf6 3.c4 dxc4 4.e3 e6 5.Bxc4 a6 6.O-O Nbd7 7.a4 b6 8.Nc3 Bb7 9.Qe2
c5 10.Rd1 Qc7 11.d5 exd5 12.Nxd5 Nxd5 13.Bxd5 Bxd5 14.Rxd5 Be7 15.b3 Qb7 16.Rd3
O-O 17.Bb2 {and draw at move 39!} 1/2-1/2

[Event "2. Bundesliga Mitte 2010/11"]
[Site "Gleisdorf"]
[Date "2010.10.17"]
[Round "2"]
[Board "2"]
[White "Pilaj, Herwig"]
[Black "Stagl, Marco"]
[Result "1-0"]
[WhiteElo "2349"]
[BlackElo "2112"]
[PlyCount "109"]
[EventDate "2010.10.16"]
[EventType "team"]
[EventRounds "11"]
[EventCountry "AUT"]
[WhiteTeam "SC Die Klagenfurter"]
[BlackTeam "UNION Styria Graz Kleine Zeitung"]

1.c4 c6 2.Nf3 d5 3.e3 Nf6 4.Nc3 Bf5 5.cxd5 cxd5 6.Qb3 Bc8 7.Bb5+ Nc6 8.Ne5 Qd6
9.d4 e6 10.O-O Bd7 11.Nxd7 Nxd7 12.e4 dxe4 13.Nxe4 Qd5 14.Qxd5 exd5 15.Nc3 O-O-O
16.Nxd5 Nxd4 17.a4 Ne5 18.Ne3 a6 19.Bc4 Nxc4 20.Nxc4 f6 21.Be3 Nc2 22.Bf4 Rd4
23.Nb6+ Kd8 24.Rac1 Bc5 25.Rxc2 Bxb6 26.Be3 Rd6 27.Bxb6+ Rxb6 28.Rd1+ Ke7
29.Re1+ Kf7 30.Rc7+ Kg6 31.Ree7 Rxb2 32.Rxg7+ Kh6 33.Rxb7 Rxb7 34.Rxb7 Rc8 35.g3
Rc4 36.Rb6 Rxa4 37.Rxf6+ Kg7 38.Rc6 Ra1+ 39.Kg2 a5 40.Ra6 a4 41.h4 a3 42.Kf3 Ra2
43.g4 Ra1 44.Kf4 a2 45.Kg5 Kf7 46.h5 Ke7 47.Kf5 Kd7 48.g5 Ke7 49.Ra7+ Kd6 50.Kf6
Rh1 51.Rxa2 Rxh5 52.Rd2+ Kc7 53.f4 Rh1 54.f5 Rf1 55.Rh2 1-0

[Event "2. Bundesliga Mitte 2010/11"]
[Site "Gleisdorf"]
[Date "2010.10.17"]
[Round "2"]
[Board "3"]
[White "Manhardt, Thomas"]
[Black "Genser, Harald"]
[Result "1/2-1/2"]
[WhiteElo "2121"]
[BlackElo "2281"]
[PlyCount "38"]
[EventDate "2010.10.16"]
[EventType "team"]
[EventRounds "11"]
[EventCountry "AUT"]
[WhiteTeam "UNION Styria Graz Kleine Zeitung"]
[BlackTeam "SC Die Klagenfurter"]

1.e4 c6 2.d4 d5 3.Nc3 dxe4 4.Nxe4 Bf5 5.Ng3 Bg6 6.h4 h6 7.N1e2 Nf6 8.Nf4 Bh7
9.Bc4 e6 10.O-O Bd6 11.Nfh5 O-O 12.Nxf6+ Qxf6 13.Nh5 Qxh4 14.g3 Qh3 15.Re1 Nd7
16.Bf1 Qf5 17.Bd3 Qh3 18.Bf1 Qf5 19.Bd3 Qh3 1/2-1/2

[Event "2. Bundesliga Mitte 2010/11"]
[Site "Gleisdorf"]
[Date "2010.10.17"]
[Round "2"]
[Board "4"]
[White "Petschar, Kurt"]
[Black "Kozomara, David"]
[Result "1-0"]
[WhiteElo "2304"]
[BlackElo "1935"]
[PlyCount "93"]
[EventDate "2010.10.16"]
[EventType "team"]
[EventRounds "11"]
[EventCountry "AUT"]
[WhiteTeam "SC Die Klagenfurter"]
[BlackTeam "UNION Styria Graz Kleine Zeitung"]

1.d4 Nf6 2.Nf3 c5 3.e3 g6 4.Be2 Bg7 5.O-O b6 6.c4 O-O 7.Nc3 d6 8.d5 Nbd7 9.e4
Ne5 10.Nxe5 dxe5 11.a3 Ne8 12.Be3 Nd6 13.b4 Qc7 14.bxc5 bxc5 15.Qc2 f5 16.f3 Bd7
17.Rab1 Rab8 18.Bd3 Rfc8 19.Rxb8 Rxb8 20.Rb1 Rb6 21.Nb5 Bxb5 22.cxb5 c4 23.a4 f4
24.Bxb6 Qxb6+ 25.Qf2 cxd3 26.Qxb6 axb6 27.a5 bxa5 28.b6 d2 29.Kf1 e6 30.dxe6 Bf8
31.Ke2 Nb7 32.Kxd2 Bc5 33.Kc3 Kf8 34.Kc4 Ke7 35.Kd5 Bd6 36.Rc1 a4 37.Rc8 a3
38.Ra8 Bb4 39.Ra7 Kf6 40.Rxb7 a2 41.Rf7+ Kg5 42.Ra7 Be7 43.Rxa2 h5 44.b7 Kh4
45.b8=Q g5 46.Qa7 Bf6 47.Qf2# 1-0

[Event "2. Bundesliga Mitte 2010/11"]
[Site "Gleisdorf"]
[Date "2010.10.17"]
[Round "2"]
[Board "5"]
[White "Schriebl, Alexander"]
[Black "Titz, Heimo"]
[Result "1/2-1/2"]
[WhiteElo "2072"]
[BlackElo "2225"]
[PlyCount "109"]
[EventDate "2010.10.16"]
[EventType "team"]
[EventRounds "11"]
[EventCountry "AUT"]
[WhiteTeam "UNION Styria Graz Kleine Zeitung"]
[BlackTeam "SC Die Klagenfurter"]

1.d4 Nf6 2.c4 e6 3.g3 c5 4.Nf3 cxd4 5.Nxd4 a6 6.Bg2 Qc7 7.Qd3 d6 8.Bd2 Nbd7
9.Na3 Be7 10.O-O Ne5 11.Qc2 Bd7 12.Rac1 Rc8 13.Qb3 Nc6 14.Nxc6 Bxc6 15.Nb5 axb5
16.cxb5 d5 17.bxc6 bxc6 18.Qa4 O-O 19.b4 Qb7 20.a3 Nd7 21.Be3 Nb6 22.Bxb6 Qxb6
23.Rc2 Rc7 24.Rfc1 Rfc8 25.e3 g6 26.Rc3 Bd6 27.Bf1 c5 28.bxc5 Rxc5 29.Rxc5 Rxc5
30.Rxc5 Bxc5 31.Qa8+ Kg7 32.a4 Bb4 33.Qa6 Qc5 34.Qb5 Qc3 35.Qd3 Qa1 36.Qc2 Bc3
37.Kg2 h5 38.Bb5 Ba5 39.Qd3 Qf6 40.Qd1 h4 41.Qe2 hxg3 42.hxg3 Qe5 43.Qf3 f5
44.Qf4 Qe4+ 45.Qxe4 dxe4 46.Bc6 Kf6 47.g4 Kg5 48.gxf5 exf5 49.Be8 Kf6 50.Bc6 Ke5
51.Kf1 f4 52.exf4+ Kxf4 53.Ke2 g5 54.Bb5 Bb6 55.Bd7 1/2-1/2

[Event "2. Bundesliga Mitte 2010/11"]
[Site "Gleisdorf"]
[Date "2010.10.17"]
[Round "2"]
[Board "6"]
[White "Wertjanz, David"]
[Black "Legenstein, Robert"]
[Result "1/2-1/2"]
[WhiteElo "2209"]
[BlackElo "2077"]
[PlyCount "46"]
[EventDate "2010.10.16"]
[EventType "team"]
[EventRounds "11"]
[EventCountry "AUT"]
[WhiteTeam "SC Die Klagenfurter"]
[BlackTeam "UNION Styria Graz Kleine Zeitung"]

1.e4 e5 2.Nf3 Nc6 3.Bb5 a6 4.Ba4 Nf6 5.O-O Be7 6.Re1 b5 7.Bb3 d6 8.c3 O-O 9.d4
Bg4 10.Be3 Nxe4 11.Bd5 Qd7 12.Bxe4 d5 13.Bc2 e4 14.h3 Bxf3 15.gxf3 Qxh3 16.fxe4
f5 17.exf5 Bd6 18.f4 Rae8 19.Qd2 Qg3+ 20.Kf1 Qh3+ 21.Kg1 Qg3+ 22.Kf1 Qh3+ 23.Kg1
Qg3+ 1/2-1/2

[Event "2. Bundesliga Mitte 2010/11"]
[Site "Gleisdorf"]
[Date "2010.10.17"]
[Round "2"]
[Board "1"]
[White "Mohr, Georg"]
[Black "Tratar, Marko"]
[Result "1/2-1/2"]
[WhiteElo "2511"]
[BlackElo "2475"]
[PlyCount "71"]
[EventDate "2010.10.16"]
[EventType "team"]
[EventRounds "11"]
[EventCountry "AUT"]
[WhiteTeam "Strassenbahn Graz"]
[BlackTeam "SK MPOE Maria Saal"]

1.e4 e6 2.d4 d5 3.Nc3 Bb4 4.Nge2 dxe4 5.a3 Be7 6.Nxe4 Nf6 7.N2g3 O-O 8.Be2 Nc6
9.c3 e5 10.Nxf6+ Bxf6 11.d5 Ne7 12.c4 Nf5 13.Nxf5 Bxf5 14.O-O e4 15.Qb3 b6
16.Bf4 Re8 17.Rad1 a5 18.Qg3 Ra7 19.b3 Bh4 20.Qc3 Bf6 21.Qg3 Bh4 22.Qe3 Be7
23.d6 Bxd6 24.Bxd6 cxd6 25.Qf4 g6 26.Rxd6 Rd7 27.Rfd1 Rxd6 28.Qxd6 Qxd6 29.Rxd6
Rb8 30.g4 Be6 31.Kg2 Kf8 32.Kg3 Ke7 33.Rd4 f5 34.Kf4 fxg4 35.Kxe4 Rf8 36.Ke3 1/2-1/2

[Event "2. Bundesliga Mitte 2010/11"]
[Site "Gleisdorf"]
[Date "2010.10.17"]
[Round "2"]
[Board "2"]
[White "Kreisl, Robert"]
[Black "Petre, Nad-Titus"]
[Result "1/2-1/2"]
[WhiteElo "2376"]
[BlackElo "2377"]
[PlyCount "115"]
[EventDate "2010.10.16"]
[EventType "team"]
[EventRounds "11"]
[EventCountry "AUT"]
[WhiteTeam "SK MPOE Maria Saal"]
[BlackTeam "Strassenbahn Graz"]

1.Nf3 Nf6 2.c4 e6 3.g3 d5 4.Bg2 c6 5.d4 Bb4+ 6.Bd2 Be7 7.Qc2 O-O 8.O-O b6 9.Rd1
Nbd7 10.b3 Bb7 11.Nc3 c5 12.cxd5 exd5 13.dxc5 bxc5 14.Nh4 Qb6 15.Nf5 Bd8 16.Bg5
g6 17.Ne3 d4 18.Na4 Qb5 19.Qc4 Qxc4 20.Nxc4 Bxg2 21.Kxg2 Ne4 22.Bxd8 Rfxd8
23.Nd2 Nd6 24.Rac1 Rac8 25.Nc4 Nb5 26.Ncb2 Rc7 27.b4 Rdc8 28.bxc5 Nxc5 29.Nxc5
Rxc5 30.Rxc5 Rxc5 31.Rd2 Rc1 32.a4 Nc3 33.Rxd4 Rc2 34.Rc4 Rxe2 35.Rxc3 Rxb2
36.Rc7 a6 37.Rc6 Ra2 38.Rxa6 Ra3 39.g4 g5 40.f3 Kg7 41.Kg3 h6 42.Ra7 Kg6 43.Ra5
Ra2 44.h4 Kf6 45.Rf5+ Kg6 46.h5+ Kg7 47.a5 Kg8 48.Rc5 Kg7 49.Rb5 Kh7 50.Rd5 Kg7
51.Rf5 Kg8 52.Rb5 Kh7 53.Kh3 Kg7 54.Rc5 Rf2 55.Rc3 Ra2 56.Rc5 Rf2 57.Rf5 Ra2
58.Rb5 1/2-1/2

[Event "2. Bundesliga Mitte 2010/11"]
[Site "Gleisdorf"]
[Date "2010.10.17"]
[Round "2"]
[Board "3"]
[White "Supancic, Darko"]
[Black "Schachinger, Mario"]
[Result "1/2-1/2"]
[WhiteElo "2354"]
[BlackElo "2356"]
[PlyCount "57"]
[EventDate "2010.10.16"]
[EventType "team"]
[EventRounds "11"]
[EventCountry "AUT"]
[WhiteTeam "Strassenbahn Graz"]
[BlackTeam "SK MPOE Maria Saal"]

1.Nf3 d5 2.e3 Nf6 3.b3 Bg4 4.Bb2 e6 5.h3 Bh5 6.Be2 Nbd7 7.O-O Bd6 8.d4 Ne4
9.Nbd2 Ndf6 10.c4 c6 11.Nxe4 Nxe4 12.Nd2 Bxe2 13.Qxe2 Nxd2 14.Qxd2 O-O 15.Bc3
Qe7 16.Qe2 f5 17.f3 Rf7 18.Qe1 e5 19.dxe5 Bxe5 20.cxd5 cxd5 21.Rd1 Re8 22.Rxd5
Bxc3 23.Qxc3 Qxe3+ 24.Qxe3 Rxe3 25.Rd8+ Rf8 26.Rd7 Rf7 27.Rd8+ Rf8 28.Rd7 Rf7
29.Rd8+ 1/2-1/2

[Event "2. Bundesliga Mitte 2010/11"]
[Site "Gleisdorf"]
[Date "2010.10.17"]
[Round "2"]
[Board "4"]
[White "Halvax, Georg"]
[Black "Krebs, Johann"]
[Result "1/2-1/2"]
[WhiteElo "2269"]
[BlackElo "2234"]
[PlyCount "52"]
[EventDate "2010.10.16"]
[EventType "team"]
[EventRounds "11"]
[EventCountry "AUT"]
[WhiteTeam "SK MPOE Maria Saal"]
[BlackTeam "Strassenbahn Graz"]

1.e4 c5 2.Nf3 Nc6 3.d4 cxd4 4.Nxd4 e5 5.Nb5 d6 6.N1c3 a6 7.Na3 b5 8.Nd5 Nf6
9.Bg5 Be7 10.Bxf6 Bxf6 11.c4 b4 12.Nc2 O-O 13.Ncxb4 Nxb4 14.Nxb4 Qb6 15.a3 a5
16.Nd5 Qxb2 17.Rb1 Qxa3 18.Rb3 Qc5 19.Nxf6+ gxf6 20.Qh5 Qd4 21.Rg3+ Kh8 22.Qh6
Qa1+ 23.Kd2 Qb2+ 24.Kd1 Qb1+ 25.Kd2 Qb2+ 26.Kd1 Qb1+ 1/2-1/2

[Event "2. Bundesliga Mitte 2010/11"]
[Site "Gleisdorf"]
[Date "2010.10.17"]
[Round "2"]
[Board "6"]
[White "Ertl, Johann"]
[Black "Kainz, Josef"]
[Result "1/2-1/2"]
[WhiteElo "2280"]
[BlackElo "1999"]
[PlyCount "81"]
[EventDate "2010.10.16"]
[EventType "team"]
[EventRounds "11"]
[EventCountry "AUT"]
[WhiteTeam "SK MPOE Maria Saal"]
[BlackTeam "Strassenbahn Graz"]

1.e4 c5 2.Nf3 Nc6 3.d4 cxd4 4.Nxd4 Nf6 5.Nc3 e5 6.Ndb5 d6 7.Bg5 a6 8.Na3 b5
9.Nd5 Be7 10.Bxf6 Bxf6 11.c3 Bg5 12.Nc2 O-O 13.a4 bxa4 14.Rxa4 a5 15.Bb5 Bd7
16.O-O Rb8 17.Na3 Kh8 18.Rc4 Ne7 19.Nxe7 Bxe7 20.Bxd7 Qxd7 21.Qd2 Rb3 22.Rc5
Rxb2 23.Qd5 f5 24.Nc4 Re2 25.Rxa5 Rxe4 26.Nb6 Qc7 27.Qe6 Rg4 28.Ra2 Qb7 29.Nd5
Bh4 30.Ne3 Rg6 31.Qd5 Qxd5 32.Nxd5 h6 33.Rd1 Kh7 34.Ra6 Rc8 35.Kf1 e4 36.g3 Bd8
37.Ke2 h5 38.Nf4 Rh6 39.Rdxd6 Rxd6 40.Rxd6 Bf6 41.Nxh5 1/2-1/2

[Event "2. Bundesliga Mitte 2010/11"]
[Site "Gleisdorf"]
[Date "2010.10.17"]
[Round "2"]
[Board "1"]
[White "Flumbort, Andras"]
[Black "Horvath, Adam"]
[Result "1/2-1/2"]
[WhiteElo "2550"]
[BlackElo "2493"]
[PlyCount "73"]
[EventDate "2010.10.16"]
[EventType "team"]
[EventRounds "11"]
[EventCountry "AUT"]
[WhiteTeam "ASK St. Valentin"]
[BlackTeam "RbEJ Gleisdorf"]

1.d4 Nf6 2.c4 e6 3.Nf3 d5 4.g3 Bb4+ 5.Bd2 Be7 6.Bg2 O-O 7.O-O c6 8.Qc2 b6 9.b3
Ba6 10.Rd1 Nbd7 11.a4 Rc8 12.a5 b5 13.c5 Ne4 14.Be1 f5 15.Nc3 Bf6 16.Na2 Qc7
17.Nb4 Nb8 18.Nd3 Nd7 19.Rac1 Rce8 20.Qb2 e5 21.dxe5 Nxe5 22.Nfxe5 Bxe5 23.Nxe5
Rxe5 24.e3 Qe7 25.Qd4 Re8 26.b4 Bc8 27.f3 Nf6 28.Bd2 Qf7 29.Re1 Qg6 30.Bc3 R5e7
31.Re2 a6 32.Rce1 h6 33.Qf4 Nh5 34.Qh4 Qf7 35.Qd4 Qg6 36.Qh4 Qf7 37.Bd4 1/2-1/2

[Event "2. Bundesliga Mitte 2010/11"]
[Site "Gleisdorf"]
[Date "2010.10.17"]
[Round "2"]
[Board "2"]
[White "Horvath, Tamas"]
[Black "Gonda, Laszlo"]
[Result "1/2-1/2"]
[WhiteElo "2414"]
[BlackElo "2550"]
[PlyCount "62"]
[EventDate "2010.10.16"]
[EventType "team"]
[EventRounds "11"]
[EventCountry "AUT"]
[WhiteTeam "RbEJ Gleisdorf"]
[BlackTeam "ASK St. Valentin"]

1.e4 e5 2.Nf3 Nc6 3.Bb5 a6 4.Ba4 Nf6 5.O-O Be7 6.Re1 b5 7.Bb3 d6 8.c3 O-O 9.h3
Na5 10.Bc2 c5 11.d4 Qc7 12.Nbd2 Re8 13.Nf1 g6 14.Ne3 Bd7 15.dxe5 dxe5 16.Nh2 Be6
17.Nhg4 Nxg4 18.Nxg4 Bxg4 19.Qxg4 Rad8 20.Qe2 Qc6 21.b3 Rd6 22.Be3 Red8 23.Red1
Rxd1+ 24.Rxd1 Rxd1+ 25.Qxd1 Nb7 26.Kf1 Nd6 27.Qd5 Qxd5 28.exd5 Nc8 29.Bd3 Nb6
30.c4 b4 31.f4 Nd7 1/2-1/2

[Event "2. Bundesliga Mitte 2010/11"]
[Site "Gleisdorf"]
[Date "2010.10.17"]
[Round "2"]
[Board "3"]
[White "Sandhoefner, Florian"]
[Black "Leitner, Gerald"]
[Result "1/2-1/2"]
[WhiteElo "2243"]
[BlackElo "2215"]
[PlyCount "66"]
[EventDate "2010.10.16"]
[EventType "team"]
[EventRounds "11"]
[EventCountry "AUT"]
[WhiteTeam "ASK St. Valentin"]
[BlackTeam "RbEJ Gleisdorf"]

1.e4 c5 2.Nf3 e6 3.d4 cxd4 4.Nxd4 a6 5.Bd3 Nf6 6.O-O Qc7 7.Qe2 d6 8.c4 g6 9.Nc3
Bg7 10.Be3 b6 11.a4 Bb7 12.b4 O-O 13.Rfc1 Nbd7 14.f4 e5 15.Nb3 exf4 16.Bxf4 Ne5
17.Bxe5 dxe5 18.Nd5 Nxd5 19.cxd5 Qd6 20.Qd2 f5 21.Rc4 Rf7 22.Rac1 Raf8 23.a5 b5
24.R4c2 fxe4 25.Bxe4 Rf4 26.Nc5 Bc8 27.g3 R4f6 28.Bg2 Bf5 29.Ne4 Bxe4 30.Bxe4
Rf2 31.Qxf2 Rxf2 32.Rxf2 Bh6 33.Rc6 Qxb4 1/2-1/2

[Event "2. Bundesliga Mitte 2010/11"]
[Site "Gleisdorf"]
[Date "2010.10.17"]
[Round "2"]
[Board "4"]
[White "Sandner, Wolfgang"]
[Black "Kranzl, Peter"]
[Result "1/2-1/2"]
[WhiteElo "2234"]
[BlackElo "2256"]
[PlyCount "81"]
[EventDate "2010.10.16"]
[EventType "team"]
[EventRounds "11"]
[EventCountry "AUT"]
[WhiteTeam "RbEJ Gleisdorf"]
[BlackTeam "ASK St. Valentin"]

1.e4 c6 2.d3 d5 3.Nd2 g6 4.Ngf3 Bg7 5.Be2 e5 6.O-O Ne7 7.b4 a5 8.Bb2 axb4 9.Bxe5
O-O 10.Bxg7 Kxg7 11.Qb1 c5 12.a3 bxa3 13.Rxa3 Rxa3 14.Qb2+ Kg8 15.Qxa3 Nd7
16.Re1 b6 17.Qa7 d4 18.Nc4 Nc6 19.Qa4 Qc7 20.Rb1 Bb7 21.Qb3 Ba6 22.Ra1 Ra8
23.Ng5 Nd8 24.Qb2 h6 25.Nf3 Ra7 26.Nce5 Nxe5 27.Nxe5 h5 28.f4 Ne6 29.g3 Nf8
30.Qa2 Ra8 31.Qb2 b5 32.Ra2 b4 33.Qa1 Qc8 34.Nc4 Bb7 35.Nd6 Rxa2 36.Qxa2 Qd7
37.e5 Ne6 38.Qa7 Bc6 39.Qb8+ Qd8 40.Qxd8+ Nxd8 41.Kf2 1/2-1/2

[Event "2. Bundesliga Mitte 2010/11"]
[Site "Gleisdorf"]
[Date "2010.10.17"]
[Round "2"]
[Board "5"]
[White "Trauner, Rudolf"]
[Black "Horvath, Sandor"]
[Result "0-1"]
[WhiteElo "2222"]
[BlackElo "2277"]
[PlyCount "96"]
[EventDate "2010.10.16"]
[EventType "team"]
[EventRounds "11"]
[EventCountry "AUT"]
[WhiteTeam "ASK St. Valentin"]
[BlackTeam "RbEJ Gleisdorf"]

1.d4 Nf6 2.c4 e6 3.g3 Bb4+ 4.Bd2 Qe7 5.Bg2 O-O 6.Nc3 d5 7.Nf3 Bxc3 8.bxc3 Ne4
9.O-O Nxd2 10.Qxd2 Nd7 11.Qf4 Nb6 12.c5 Nc4 13.e4 c6 14.Rfe1 b6 15.exd5 cxd5
16.Ne5 Nxe5 17.Qxe5 Bb7 18.cxb6 axb6 19.Bxd5 Ra5 20.c4 Qd7 21.Bxe6 fxe6 22.Qxe6+
Qxe6 23.Rxe6 Ba6 24.c5 bxc5 25.dxc5 Bc4 26.Re5 Rc8 27.a4 Rcxc5 28.Rxc5 Rxc5
29.a5 Ba6 30.Ra2 Kf7 31.f3 Kf6 32.Kf2 Kf5 33.h4 Ke5 34.Ra3 Rc2+ 35.Kg1 Kd4
36.Kh1 Re2 37.Kg1 Re3 38.Ra4+ Ke5 39.Kf2 Re2+ 40.Kg1 Rc2 41.Ra3 Kd4 42.Kh1 Re2
43.Kg1 Rd2 44.Kh1 Rd3 45.Ra4+ Ke3 46.Rf4 Bb7 47.Rf7 Bxf3+ 48.Kh2 Rd1 0-1

[Event "2. Bundesliga Mitte 2010/11"]
[Site "Gleisdorf"]
[Date "2010.10.17"]
[Round "2"]
[Board "1"]
[White "Testor, Sebastian"]
[Black "Freitag, Manfred"]
[Result "1-0"]
[WhiteElo "2365"]
[BlackElo "2382"]
[PlyCount "107"]
[EventDate "2010.10.16"]
[EventType "team"]
[EventRounds "11"]
[EventCountry "AUT"]
[WhiteTeam "SPG Sauwald 1"]
[BlackTeam "ESV Austria Graz"]

1.d4 Nf6 2.c4 g6 3.Nc3 Bg7 4.e4 d6 5.Bd3 O-O 6.Nge2 Nc6 7.O-O e5 8.d5 Nd4 9.Nxd4
exd4 10.Nb5 Re8 11.Re1 a6 12.Nxd4 Nxd5 13.cxd5 Bxd4 14.Qc2 Bd7 15.Be3 Bxe3
16.Rxe3 c5 17.Qc3 b5 18.b3 b4 19.Qb2 Bb5 20.Rd1 Ra7 21.f4 f6 22.Qe2 Qb6 23.Bc4
Bxc4 24.bxc4 Rae7 25.Re1 Qc7 26.Qb2 Kf7 27.g4 g5 28.Rh3 gxf4 29.Rh6 Kf8 30.Qxf6+
Rf7 31.Qxd6+ Qxd6 32.Rxd6 Rfe7 33.Rc6 Rxe4 34.Rxe4 Rxe4 35.Rxc5 Rd4 36.Rc6 a5
37.d6 Kf7 38.c5 a4 39.Kf2 Ke6 40.Kf3 Kd5 41.Rc7 Kc4 42.d7 b3 43.axb3+ axb3 44.c6
Kc5 45.Rb7 Kxc6 46.Rxb3 h6 47.d8=Q Rxd8 48.Rc3+ Kb5 49.Kxf4 Rf8+ 50.Kg3 Rg8
51.Kh4 Rg5 52.h3 Re5 53.Rc8 Re6 54.Kh5 1-0

[Event "2. Bundesliga Mitte 2010/11"]
[Site "Gleisdorf"]
[Date "2010.10.17"]
[Round "2"]
[Board "2"]
[White "Karner, Christoph"]
[Black "Taggatz, Mario"]
[Result "1-0"]
[WhiteElo "2322"]
[BlackElo "2331"]
[PlyCount "65"]
[EventDate "2010.10.16"]
[EventType "team"]
[EventRounds "11"]
[EventCountry "AUT"]
[WhiteTeam "ESV Austria Graz"]
[BlackTeam "SPG Sauwald 1"]

1.d4 Nf6 2.c4 e6 3.g3 Bb4+ 4.Nd2 O-O 5.Bg2 d5 6.Ngf3 dxc4 7.Qc2 b5 8.a4 c6
9.axb5 cxb5 10.Ng5 h6 11.h4 g6 12.Nxf7 Rxf7 13.Bxa8 Kg7 14.O-O Qb6 15.Bg2 Bb7
16.Bxb7 Rxb7 17.Nf3 Nc6 18.Rd1 Bd6 19.Bf4 Bxf4 20.gxf4 Rf7 21.e3 Qc7 22.Ne5 Nxe5
23.dxe5 Nd5 24.Qe2 h5 25.Qf3 Qe7 26.Qg3 Qb4 27.Ra6 Nc7 28.Rxa7 Qxb2 29.Qg5 Qc2
30.Qd8 b4 31.Rxc7 Qxd1+ 32.Qxd1 Rxc7 33.Qd6 1-0

[Event "2. Bundesliga Mitte 2010/11"]
[Site "Gleisdorf"]
[Date "2010.10.17"]
[Round "2"]
[Board "3"]
[White "Schmidt, Peter"]
[Black "Kotz, Heinz Peter"]
[Result "1/2-1/2"]
[WhiteElo "2394"]
[BlackElo "2330"]
[PlyCount "115"]
[EventDate "2010.10.16"]
[EventType "team"]
[EventRounds "11"]
[EventCountry "AUT"]
[WhiteTeam "SPG Sauwald 1"]
[BlackTeam "ESV Austria Graz"]

1.Nf3 Nf6 2.g3 g6 3.b3 Bg7 4.Bb2 O-O 5.Bg2 d6 6.d4 e5 7.dxe5 Ng4 8.Qd2 Nc6 9.O-O
dxe5 10.h3 Nh6 11.e4 f5 12.Rd1 Nf7 13.Qe1 Bd7 14.Na3 Qc8 15.Kh2 fxe4 16.Qxe4 Nd6
17.Qd5+ Be6 18.Qc5 Rf5 19.g4 Rf4 20.Nxe5 Qf8 21.Kg1 Ne4 22.Qxf8+ Raxf8 23.Nac4
Nxf2 24.Re1 Bxc4 25.Nxc4 Nd4 26.Re7 Bf6 27.Rae1 b5 28.Bd5+ Kh8 29.Re8 Rxe8
30.Rxe8+ Kg7 31.Bc1 Nxh3+ 32.Kh2 h5 33.Kxh3 Rxg4 34.Ne5 Rh4+ 35.Kg2 Ne2 36.Rg8+
Kh7 37.Nd7 Be7 38.Bb2 g5 39.Rg7+ Kh6 40.Be5 Nf4+ 41.Kf3 Nxd5 42.Rg8 Nf6 43.Nxf6
Bxf6 44.Bxc7 Rh3+ 45.Ke4 Rc3 46.Kf5 Rxc7 47.Kxf6 Rc6+ 48.Kf5 h4 49.b4 Rxc2
50.Rg6+ Kh7 51.Rxg5 Rxa2 52.Rh5+ Kg7 53.Rxh4 Ra4 54.Rg4+ Kf7 55.Ke5 a5 56.Rf4+
Ke7 57.bxa5 Rxa5 58.Kd5 1/2-1/2

[Event "2. Bundesliga Mitte 2010/11"]
[Site "Gleisdorf"]
[Date "2010.10.17"]
[Round "2"]
[Board "4"]
[White "Fahrner, Kurt"]
[Black "Hiermann, Dietmar"]
[Result "1/2-1/2"]
[WhiteElo "2314"]
[BlackElo "2287"]
[PlyCount "41"]
[EventDate "2010.10.16"]
[EventType "team"]
[EventRounds "11"]
[EventCountry "AUT"]
[WhiteTeam "ESV Austria Graz"]
[BlackTeam "SPG Sauwald 1"]

1.d4 d5 2.c4 e6 3.Nc3 Nf6 4.cxd5 exd5 5.Bg5 c6 6.Qc2 Be7 7.e3 Nbd7 8.Bd3 O-O
9.Nf3 Re8 10.O-O Nf8 11.h3 Bd6 12.Rae1 Be6 13.Ne5 Rc8 14.f4 Rc7 15.Rf3 Be7
16.Bh4 Bc8 17.Bg3 Bd6 18.Bh4 Be7 19.Bg3 Bd6 20.Bh4 Be7 21.Bg3 1/2-1/2

[Event "2. Bundesliga Mitte 2010/11"]
[Site "Gleisdorf"]
[Date "2010.10.17"]
[Round "2"]
[Board "5"]
[White "Kirschner, Alexander"]
[Black "Ebner, Hubert"]
[Result "0-1"]
[WhiteElo "2260"]
[BlackElo "2199"]
[PlyCount "68"]
[EventDate "2010.10.16"]
[EventType "team"]
[EventRounds "11"]
[EventCountry "AUT"]
[WhiteTeam "SPG Sauwald 1"]
[BlackTeam "ESV Austria Graz"]

1.c4 g6 2.Nc3 Bg7 3.g3 Nf6 4.Bg2 O-O 5.d4 d6 6.Nf3 c6 7.O-O Nbd7 8.h3 e5 9.e4
Qa5 10.Re1 exd4 11.Nxd4 Ne5 12.Bf1 Re8 13.Rb1 Be6 14.Nxe6 Rxe6 15.b4 Qc7 16.Kg2
Rae8 17.Bd2 a6 18.Rc1 Qd8 19.Be3 b5 20.cxb5 axb5 21.a4 bxa4 22.Qxa4 d5 23.Red1
Rd6 24.Bc5 Rd7 25.f4 Nc4 26.Bxc4 dxc4 27.Qxc6 Rd2+ 28.Bf2 Qd4 29.Rxd2 Qxd2
30.Nd5 Rxe4 31.Nxf6+ Bxf6 32.Rxc4 Re2 33.Qf3 Rxf2+ 34.Qxf2 Qd5+ 0-1

[Event "2. Bundesliga Mitte 2010/11"]
[Site "Gleisdorf"]
[Date "2010.10.17"]
[Round "2"]
[Board "6"]
[White "Spindelboeck, Gernot"]
[Black "Kuran, Avelino"]
[Result "1-0"]
[WhiteElo "2224"]
[BlackElo "2109"]
[PlyCount "135"]
[EventDate "2010.10.16"]
[EventType "team"]
[EventRounds "11"]
[EventCountry "AUT"]
[WhiteTeam "ESV Austria Graz"]
[BlackTeam "SPG Sauwald 1"]

1.d4 Nf6 2.c4 g6 3.Nc3 Bg7 4.Nf3 O-O 5.Bg5 d6 6.e3 c6 7.Be2 Qa5 8.O-O Bg4 9.Bh4
e5 10.h3 Be6 11.Qd2 Nbd7 12.Rad1 exd4 13.Nxd4 Rfe8 14.Nb3 Qa6 15.c5 b5 16.cxd6
Nd5 17.Bf3 Bxc3 18.bxc3 Ne5 19.Be2 Nc4 20.Bxc4 bxc4 21.Nc5 Qa3 22.Nxe6 Rxe6
23.d7 f6 24.e4 Rxe4 25.Rfe1 Re7 26.d8=Q+ Rxd8 27.Bxf6 Rxe1+ 28.Rxe1 Rd7 29.Bd4
Re7 30.Rb1 Qd6 31.g3 Nf6 32.Qg5 Ne4 33.Qg4 c5 34.Be3 Re8 35.Rb7 Nxc3 36.Qxc4+
Qd5 37.Qxd5+ Nxd5 38.Bxc5 a6 39.Bd4 Re7 40.Rxe7 Nxe7 41.Kg2 Kf7 42.Kf3 Ke6
43.Ke4 h5 44.Kf4 Nd5+ 45.Kg5 Kf7 46.f4 Ne7 47.g4 hxg4 48.hxg4 Nc6 49.Bc5 Nd8
50.f5 gxf5 51.Kxf5 Ne6 52.Be3 Ke7 53.Ke5 Kd7 54.Kd5 Nc7+ 55.Kc5 Ke6 56.Kc6 Nd5
57.Bd2 Nf6 58.g5 Ne4 59.Be3 Kf5 60.a4 a5 61.Kb6 Nd6 62.Bc1 Nc4+ 63.Kb5 Ne5
64.Kxa5 Nd3 65.Be3 Ne5 66.Kb5 Ke4 67.a5 Kd5 68.a6 1-0